书目信息 |
| 题名: |
一嚼两千年
|
|
| 作者: | 曹雨 著 | |
| 分册: | ||
| 出版信息: | 北京 中信出版集团股份有限公司 2022.06 |
|
| 页数: | 304页 | |
| 开本: | 21cm | |
| 丛书名: | ||
| 单 册: | ||
| 中图分类: | TS971.202 | |
| 科图分类: | ||
| 主题词: | 槟榔--bin lang--饮食--文化史--中国 | |
| 电子资源: | ||
| ISBN: | 978-7-5217-3962-6 | |
| 000 | 01437nam0 2200301 450 | |
| 001 | 96099 | |
| 005 | 20250911155244.93 | |
| 010 | @a978-7-5217-3962-6@dCNY68.00 | |
| 100 | @a20220726d2022 em y0chiy50 ea | |
| 101 | 0 | @achi |
| 102 | @aCN@b110000 | |
| 105 | @aak a 000yy | |
| 106 | @ar | |
| 200 | 1 | @a一嚼两千年@Ayi jiao liang qian nian@e从药品到瘾品, 槟榔在中国的流行史@f曹雨著 |
| 210 | @a北京@c中信出版集团股份有限公司@d2022.06 | |
| 215 | @a304页@c图@d21cm | |
| 300 | @a新思 本研究的田野调查受暨南大学中华文化港澳台及海外传承传播协同创新中心“中华饮食文化海外传承传播研究”资助 | |
| 312 | @a英文题名取自封面 | |
| 314 | @a曹雨, 历史学博士, 人类学博士后, 资深吃货。 | |
| 320 | @a有书目 (第295-304页) | |
| 330 | @a本书叙述了槟榔这种小小的青色果子在世界范围内如何倾倒众生, 着重梳理了它在中国两千年来几起几落的流行史, 并揭示出其背后社会与文化的种种变迁。青年学者曹雨结合历史文献研究、人类学视角和社会学调研, 再现了槟榔与人类社会关系的演变历程--它作为一种热带作物, 如何从太平洋的南岛文化圈走出来, 如何传播到南亚, 与佛教文化交融, 更重要的是, 如何从秦末汉初开始在中国的历史和社会文化中留下印记。 | |
| 510 | 1 | @aArecanut@zeng |
| 517 | 1 | @a从药品到瘾品, 槟榔在中国的流行史@Acong yao pin dao yin pin , bin lang zai zhong guo de liu hang shi |
| 606 | 0 | @a槟榔@Abin lang@x饮食@x文化史@y中国 |
| 690 | @aTS971.202@v5 | |
| 701 | 0 | @a曹雨@Acao yu@4著 |
| 801 | 0 | @aCN@c20250909 |
| 905 | @a河南城建学院图书馆@dTS971.202@eC169@f1 | |
| 一嚼两千年:从药品到瘾品, 槟榔在中国的流行史/曹雨著.-北京:中信出版集团股份有限公司,2022.06 |
| 304页:图;21cm |
| 新思 本研究的田野调查受暨南大学中华文化港澳台及海外传承传播协同创新中心“中华饮食文化海外传承传播研究”资助 |
| ISBN 978-7-5217-3962-6:CNY68.00 |
| 本书叙述了槟榔这种小小的青色果子在世界范围内如何倾倒众生, 着重梳理了它在中国两千年来几起几落的流行史, 并揭示出其背后社会与文化的种种变迁。青年学者曹雨结合历史文献研究、人类学视角和社会学调研, 再现了槟榔与人类社会关系的演变历程--它作为一种热带作物, 如何从太平洋的南岛文化圈走出来, 如何传播到南亚, 与佛教文化交融, 更重要的是, 如何从秦末汉初开始在中国的历史和社会文化中留下印记。 |
| ● |
| 相关链接 |
|
|
|
正题名:一嚼两千年
索取号:TS971.202/C169
 
预约/预借
| 序号 | 登录号 | 条形码 | 馆藏地/架位号 | 状态 | 备注 |
| 1 | 1630247 | 216302472 | 自科库501/501自科库 44排6列4层/ [索取号:TS971.202/C169] | 在馆 |